[Event "Challenge"]
[Site "http://www.queenalice.com/game.php?id=1627958"]
[Date "2020.9.24"]
[Round "-"]
[White "mikew"]
[Black "Fafner"]
[Result "0-1"]
[WhiteElo "1451"]
[BlackElo "1935"]

1. d4 d5 2. e3 Nf6 3. c4 e6 4. Nf3 c5 5. cxd5 Nxd5 6. e4 Nb6 7. Bb5+ Bd7 8.
Bxd7+ Qxd7 9. d5 exd5 10. e5 Be7 11. O-O O-O 12. Bg5 Nc6 13. Bxe7 Qxe7 14. Re1
Rad8 15. Nbd2 Rfe8 16. Qb3 Qc7 17. Rac1 c4 18. Qc3 Nd7 19. b3 Ndxe5 20. bxc4
Nxf3+ 21. Nxf3 Rxe1+ 22. Rxe1 dxc4 23. Qxc4 h6 24. h3 Qd6 25. Qb5 Qd7 26. Ne5
Nxe5 27. Qxe5 b6 28. Kh2 Qd6 29. Qxd6 Rxd6 30. Re8+ Kh7 31. Re7 Rd2 32. Rxa7
Rxf2 33. Kg3 Rb2 34. h4 f6 35. Ra3 h5 36. Rb3 Rxb3+ 37. axb3 g5 38. Kh3 Kg6 39.
g4 hxg4+ 40. Kxg4 f5+ 41. Kh3 g4+ 42. Kg3 Kh5 43. b4 b5 44. Kf4 Kxh4 45. Kxf5 g3
46. Ke5 g2 47. Kd5 g1=Q 48. Kc6 Qg5 49. Kb6 Qd5 50. Ka6 Kg5 51. Ka5 Kf6 52. Ka6
Ke6 53. Kb6 Kd7 54. Ka6 Kc6 55. Ka5 Qd8+ 0-1

[Event "Challenge"]
[Site "http://www.queenalice.com/game.php?id=1628000"]
[Date "2020.9.24"]
[Round "-"]
[White "Fafner"]
[Black "mikew"]
[Result "1-0"]
[WhiteElo "1933"]
[BlackElo "1453"]

1. e4 e5 2. d4 Nf6 3. dxe5 Nxe4 4. Nf3 Bb4+ 5. c3 Ba5 6. Qd5 Nxf2 7. Bc4 Qe7 8.
Kxf2 Nc6 9. Re1 Bb6+ 10. Kf1 Na5 11. Bg5 Qe6 12. Qxe6+ fxe6 13. Nbd2 h6 14. Be3
O-O 15. Kg1 d5 16. exd6 cxd6 17. Bxb6 axb6 18. Bxe6+ Bxe6 19. Rxe6 Rad8 20. b4
Kf7 21. Rae1 Nc6 22. Nc4 Ne5 23. Ncxe5+ Kxe6 24. Nc6+ Kd7 25. Nxd8 Rxd8 26. Nd4
Ra8 27. Re2 Ra3 28. Rc2 d5 29. Nf5 b5 30. Nxg7 Ra4 31. Nf5 Ra6 32. Re2 h5 33.
Nd4 Ra3 34. Nxb5 Ra8 35. h4 Rf8 36. g3 Rg8 37. Kg2 Rg6 38. Re5 Kc6 39. Nd4+ Kd6
40. Rxh5 Kd7 41. Rxd5+ 1-0

[Event "Challenge"]
[Site "http://www.queenalice.com/game.php?id=1632031"]
[Date "2020.11.6"]
[Round "-"]
[White "Fafner"]
[Black "mikew"]
[Result "1-0"]
[WhiteElo "1907"]
[BlackElo "1479"]

1. e4 g6 2. d4 b6 3. Nf3 Bb7 4. Nc3 e6 5. Bc4 Bb4 6. Bd2 d5 7. exd5 Bxc3 8. Bxc3
exd5 9. Bd3 Nf6 10. O-O O-O 11. Re1 Nc6 12. Qd2 Qd6 13. Ne5 Rae8 14. Nxc6 Rxe1+
15. Rxe1 Ne4 16. Bxe4 Qxc6 17. Bd3 Bc8 18. Qf4 Re8 19. Rxe8+ Qxe8 20. Qxc7 Qd7
21. Qxd7 Bxd7 22. Bd2 Ba4 23. b3 Bd7 24. Bf4 Kg7 25. a4 f6 26. Bb8 a5 27. Bc7 b5
28. Bxb5 Bf5 29. Bc6 1-0

[Event "Challenge"]
[Site "http://www.queenalice.com/game.php?id=1632032"]
[Date "2020.11.6"]
[Round "-"]
[White "mikew"]
[Black "Fafner"]
[Result "1-0"]
[WhiteElo "1449"]
[BlackElo "1937"]

1. e4 e5 2. Nf3 Nc6 3. Bc4 Bc5 4. d3 Nf6 5. O-O O-O 6. Bg5 d6 7. Nc3 h6 8. Bh4
Re8 9. Na4 Bg4 10. Nxc5 dxc5 11. h3 Be6 12. Bb5 Bd7 13. Re1 a6 14. Ba4 b5 15.
Bb3 Be6 16. c4 Qe7 17. Qc1 g5 18. Nxg5 Bd7 19. Nxf7 Kxf7 20. cxb5+ Be6 21. Bxe6+
Qxe6 22. bxc6 Nh5 23. Qxc5 Qg6 24. Rac1 Rg8 25. Qe7# 1-0

[Event "Challenge"]
[Site "http://www.queenalice.com/game.php?id=1634610"]
[Date "2020.11.28"]
[Round "-"]
[White "Fafner"]
[Black "mikew"]
[Result "1-0"]
[WhiteElo "1909"]
[BlackElo "1477"]

1. e4 c5 2. Nf3 Nc6 3. d4 cxd4 4. Nxd4 g6 5. Nc3 Bg7 6. Be3 e5 7. Nf3 d6 8. Bc4
Nf6 9. Qd2 O-O 10. O-O-O Ng4 11. h3 Nxe3 12. Qxe3 Be6 13. Bd5 Qf6 14. a3 Rfd8
15. Ne2 Bd7 16. g4 Kf8 17. Ng5 Qe7 18. Nxf7 Rdc8 19. f4 Rc7 20. Ng5 Bf6 21. Rhf1
Kg7 22. Nxh7 Kxh7 23. g5 Bh8 24. Qg3 Nd4 25. Qh4+ 1-0

[Event "Challenge"]
[Site "http://www.queenalice.com/game.php?id=1634611"]
[Date "2020.11.28"]
[Round "-"]
[White "mikew"]
[Black "Fafner"]
[Result "1-0"]
[WhiteElo "1475"]
[BlackElo "1911"]

1. e4 c5 2. Nf3 d6 3. d4 cxd4 4. Nxd4 Nf6 5. Nc3 g6 6. Bb5+ Bd7 7. O-O Bg7 8.
Be3 O-O 9. Qd3 a6 10. Bxd7 Nbxd7 11. Qe2 Rc8 12. Rad1 Re8 13. Bg5 Qc7 14. Qd3
Nc5 15. Qc4 Nfxe4 16. Nd5 Qd8 17. Be3 Nd7 18. Qd3 Nef6 19. Nxf6+ Nxf6 20. Nf3 d5
21. c3 e6 22. Bd4 Re7 23. Rfe1 b5 24. Be5 Qd7 25. Nd4 Ne8 26. Bxg7 Kxg7 27. Qe3
Nd6 28. Qh3 Nc4 29. b3 Nd6 30. Re3 b4 31. cxb4 Qb7 32. Rc3 e5 33. Rxc8 Nxc8 34.
Nf3 e4 35. Ne1 Rc7 36. Qg3 Ne7 37. Qe5+ Kg8 38. Qd6 Rc6 39. Qd8+ Kg7 40. Qa5 Rb6
41. Nc2 Rd6 42. Qa3 Nf5 43. Rd2 Qb6 44. g4 Ne7 45. Nd4 Nc6 46. Nxc6 Qxc6 47.
Qb2+ Kg8 48. Rc2 Qb5 49. Rc8+ 1-0

[Event "Challenge"]
[Site "http://www.queenalice.com/game.php?id=1640460"]
[Date "2021.1.18"]
[Round "-"]
[White "Fafner"]
[Black "mikew"]
[Result "1-0"]
[WhiteElo "1881"]
[BlackElo "1505"]

1. e4 e6 2. d4 d5 3. Nc3 Nc6 4. Bb5 dxe4 5. Nxe4 Bb4+ 6. c3 Ba5 7. Bxc6+ bxc6 8.
Nf3 Ne7 9. O-O f5 10. Ng3 O-O 11. Ne5 Ba6 12. Re1 f4 13. Nh5 g6 14. Qg4 Qd5 15.
Nxf4 Qb5 16. Qxe6+ Kg7 17. Qxe7+ Kh8 18. Ne6 Rae8 19. Qg7# 1-0

[Event "Challenge"]
[Site "http://www.queenalice.com/game.php?id=1640461"]
[Date "2021.1.18"]
[Round "-"]
[White "mikew"]
[Black "Fafner"]
[Result "1-0"]
[WhiteElo "1503"]
[BlackElo "1883"]

1. d4 d5 2. Nf3 Nf6 3. c4 dxc4 4. Qa4+ Nc6 5. Qxc4 e6 6. Bg5 Be7 7. Nc3 O-O 8.
e3 Re8 9. Be2 Nd5 10. Bxe7 Ncxe7 11. O-O Bd7 12. Rfc1 Nxc3 13. Qxc3 Bc6 14. Ne5
Rc8 15. Nxc6 bxc6 16. Qa5 Ra8 17. Bf3 Qd6 18. Qa4 Rab8 19. b3 Rb7 20. Rc5 Rb5
21. Rxc6 Qb4 22. Qxb4 Rxb4 23. Rxc7 a5 24. Rac1 g6 25. Ra7 Rb5 26. Rc5 Rxc5 27.
dxc5 Nc6 28. Bxc6 Rc8 29. Ra6 1-0

[Event "Challenge"]
[Site "http://www.queenalice.com/game.php?id=1644352"]
[Date "2021.2.21"]
[Round "-"]
[White "Fafner"]
[Black "mikew"]
[Result "1/2-1/2"]
[WhiteElo "1902"]
[BlackElo "1538"]

1. e4 e5 2. Nf3 Nf6 3. Nxe5 d6 4. Nf3 Nxe4 5. d4 d5 6. Bd3 Nc6 7. O-O Be7 8. Re1
Bf5 9. Bd2 O-O 10. Nc3 Nb4 11. Qe2 Nxd3 12. Qxd3 c6 13. a3 Rc8 14. Rad1 Bf6 15.
Be3 Nxc3 16. Qxc3 c5 17. Qd2 cxd4 18. Nxd4 Bxd4 19. Qxd4 Rxc2 20. Qxd5 Qxd5 21.
Rxd5 Be6 22. Rb5 b6 23. h3 Bc4 24. Rg5 Rxb2 25. Bd4 f6 26. Rxg7+ Kxg7 27. Bxb2
Rd8 28. Bc3 Kg6 29. Rc1 Rd3 30. Bb4 Bd5 31. Re1 a5 32. Be7 Kf7 33. Bd8 Bxg2 34.
Bxb6 Bxh3 35. Bc5 h5 36. Re7+ Kg6 37. Ra7 Bf5 38. Rxa5 Rd5 39. Bb4 Rd1+ 40. Kg2
h4 41. Ra7 Be4+ 42. f3 Bf5 43. Re7 h3+ 44. Kh2 Kg5 45. Re1 Rd3 46. Rg1+ Kh4 47.
Be7 Rxf3 48. Bxf6+ Kh5 49. Re1 Rxa3 50. Ra1 Rf3 51. Bd4 Kh4 52. Ra4 Kg5 53. Bg1
Kh5 54. Rb4 Bg4 55. Rb6 Kh4 56. Rd6 Kg5 57. Rd2 Kf4 58. Rf2 Rxf2+ 59. Bxf2 Bf5
60. Ba7 Kg4 61. Bf2 Be4 62. Bb6 Bf3 63. Bf2 1/2-1/2

[Event "Challenge"]
[Site "http://www.queenalice.com/game.php?id=1644353"]
[Date "2021.2.21"]
[Round "-"]
[White "mikew"]
[Black "Fafner"]
[Result "0-1"]
[WhiteElo "1540"]
[BlackElo "1900"]

1. e4 c5 2. Nf3 d6 3. Bb5+ Bd7 4. Qe2 g6 5. O-O Bg7 6. Bxd7+ Nxd7 7. Nc3 Ngf6 8.
d4 cxd4 9. Nxd4 a6 10. b4 O-O 11. Rd1 Rc8 12. Na4 Nb6 13. Nxb6 Qxb6 14. a3 Rfd8
15. Be3 Qc7 16. Rab1 Nd7 17. Rbc1 Nb6 18. b5 Nc4 19. Bf4 e5 20. Bg5 Rd7 21. bxa6
bxa6 22. Nb3 Qb6 23. a4 Rdc7 24. a5 Qc6 25. Qg4 h5 26. Qe2 f6 27. Be3 Nxe3 28.
Qxe3 Qc3 29. Qxc3 Rxc3 30. Rb1 Bf8 31. Rd3 Rxc2 32. Kf1 Ra2 33. Rg3 Kf7 34. Rf3
Rcc2 35. g3 Re2 36. Nc1 Rab2 37. Rxb2 Rxb2 38. Kg2 Rb5 39. Nb3 d5 40. exd5 Rxd5
41. Rc3 Rb5 42. Kh3 g5 43. f3 Kg6 44. Kg2 Bb4 45. Rc6 Bxa5 46. Rxa6 Bc3 47. Na1
g4 48. Ra3 Rb2+ 49. Kg1 Rb1+ 50. Kf2 Bxa1 51. fxg4 Bd4+ 52. Kf3 Rf1+ 53. Ke4
hxg4 54. Ra8 f5+ 55. Kd5 Rf2 56. h4 gxh3 57. Rh8 h2 58. Rg8+ Kh7 0-1

[Event "Challenge"]
[Site "http://www.queenalice.com/game.php?id=1759855"]
[Date "2021.5.18"]
[Round "-"]
[White "Fafner"]
[Black "mikew"]
[Result "1-0"]
[WhiteElo "1888"]
[BlackElo "1552"]

1. e4 e5 2. d4 exd4 3. c3 Nc6 4. Nf3 Qe7 5. Bd3 Ne5 6. O-O b6 7. cxd4 Nxd3 8.
Qxd3 Bb7 9. Re1 f5 10. exf5 O-O-O 11. Rxe7 Nxe7 12. Bg5 h6 13. Bxe7 Bxe7 14.
Nbd2 g5 15. a3 g4 16. Ne5 Rhf8 17. Ng6 Rf7 18. Rc1 Bg5 19. Re1 d6 20. g3 c5 21.
Ne4 Re8 22. Nxd6+ Kc7 23. Nxe8+ Kc8 24. Nd6+ 1-0

[Event "Challenge"]
[Site "http://www.queenalice.com/game.php?id=1759856"]
[Date "2021.5.18"]
[Round "-"]
[White "mikew"]
[Black "Fafner"]
[Result "0-1"]
[WhiteElo "1549"]
[BlackElo "1891"]

1. e4 c5 2. Nf3 d6 3. d4 cxd4 4. Nxd4 g6 5. Bb5+ Bd7 6. O-O Bg7 7. Bxd7+ Nxd7 8.
Nc3 Ngf6 9. Bg5 O-O 10. Qd2 Re8 11. Rfd1 a6 12. Bh6 Bh8 13. a4 Qb6 14. a5 Qc7
15. Nce2 Nxe4 16. Qe3 Nef6 17. Qc1 Rac8 18. c3 Ng4 19. Bg5 Nde5 20. f3 Nf6 21.
b3 Nc6 22. Nxc6 Qxc6 23. Ra4 Nd5 24. c4 Nc7 25. Qa3 Ne6 26. Be3 Nc7 27. Rb4 Rb8
28. Ba7 Ra8 29. Bd4 Bxd4+ 30. Nxd4 Qc5 31. Kf1 e5 32. Nc2 Nb5 33. Qb2 Nd4 34.
Ra4 Nxc2 35. Qxc2 Rac8 36. b4 Qxc4+ 37. Qd3 Qxd3+ 38. Rxd3 Rc2 39. Rxd6 Rec8 40.
b5 Rb2 41. Re4 Rxb5 42. Rd7 Rxa5 43. Rxb7 Rc2 44. Re2 Rxe2 45. Kxe2 Ra2+ 46. Kf1
a5 47. Rb5 f6 48. Rb8+ Kg7 49. Rb7+ Kh6 50. Rf7 f5 51. h4 a4 52. Ra7 a3 53. Ra5
f4 54. Rxe5 Rb2 55. h5 a2 56. Ra5 Rb1+ 57. Kf2 a1=Q 0-1

[Event "Challenge"]
[Site "http://www.queenalice.com/game.php?id=1767893"]
[Date "2021.8.26"]
[Round "-"]
[White "mikew"]
[Black "Fafner"]
[Result "1-0"]
[WhiteElo "1545"]
[BlackElo "1895"]

1. e4 c5 2. Nf3 d6 3. d4 cxd4 4. Nxd4 Nf6 5. Nc3 g6 6. Be2 a6 7. O-O Bg7 8. Be3
O-O 9. Qd2 Re8 10. h3 Qc7 11. Bh6 Bh8 12. Rfd1 Nc6 13. Nf3 Be6 14. Nd5 Bxd5 15.
exd5 Ne5 16. Nxe5 dxe5 17. Be3 Red8 18. c4 Nd7 19. d6 exd6 20. Qxd6 Qxd6 21.
Rxd6 Nf6 22. Rad1 Rxd6 23. Rxd6 b5 24. Rb6 e4 25. cxb5 axb5 26. Rxb5 Bg7 27. a3
Bf8 28. f3 exf3 29. Bxf3 Re8 30. Kf2 Ne4+ 31. Ke2 Bh6 32. Bxe4 Rxe4 33. Rb3 Bf8
34. Kd3 Re6 35. Rb8 Kg7 36. Bd4+ f6 37. Rb7+ Kh6 38. Be3+ g5 39. a4 Re5 40. b4
Rd5+ 41. Kc4 Rd1 42. a5 Re1 43. Bc5 Rc1+ 44. Kb5 Bxc5 45. bxc5 Rg1 46. c6 Rxg2
47. c7 Rc2 48. a6 1-0

[Event "Challenge"]
[Site "http://www.queenalice.com/game.php?id=1768011"]
[Date "2021.8.27"]
[Round "-"]
[White "Fafner"]
[Black "mikew"]
[Result "1-0"]
[WhiteElo "1893"]
[BlackElo "1547"]

1. e4 e6 2. d4 d5 3. Nc3 Bb4 4. e5 Bxc3+ 5. bxc3 Kf8 6. Bd3 Nc6 7. Nf3 Nge7 8.
O-O b6 9. Ba3 Kg8 10. Re1 Nf5 11. Qd2 Bb7 12. g4 Nh4 13. Qf4 Nxf3+ 14. Qxf3 h5
15. Kh1 Qh4 16. g5 Qxg5 17. Rg1 Nxe5 18. dxe5 Qxe5 19. Rxg7+ Qxg7 20. Rg1 Qxg1+
21. Kxg1 Rh6 22. Qg3+ Rg6 23. Bxg6 fxg6 24. Qxg6+ Kh8 25. Qh6+ Kg8 26. Qxe6+ Kg7
27. Qe7+ Kh8 28. Qf6+ Kg8 29. Be7 1-0

[Event "Challenge"]
[Site "http://www.queenalice.com/game.php?id=1773772"]
[Date "2021.11.2"]
[Round "-"]
[White "Fafner"]
[Black "mikew"]
[Result "1-0"]
[WhiteElo "1865"]
[BlackElo "1575"]

1. e4 e5 2. f4 exf4 3. Nf3 Ne7 4. d4 Ng6 5. h4 h5 6. Bc4 Be7 7. Ne5 Bxh4+ 8. Kf1
Nxe5 9. dxe5 Qg5 10. Nc3 Bg3 11. Nd5 Qxe5 12. Qf3 h4 13. Bxf4 Bxf4 14. Nxf4 Qxb2
15. Rd1 Qf6 16. e5 Qf5 17. g4 Qxe5 18. Re1 Nc6 19. Rxe5+ Nxe5 20. Qe4 d6 21. Nd3
f5 22. Qd5 Nxc4 23. Qxc4 fxg4 24. Qe4+ Kd8 25. Qg6 Rf8+ 26. Kg2 h3+ 27. Kg3 Rf3+
28. Kh4 g3 29. Qg5+ Ke8 30. Re1+ Kf8 31. Qd8+ Kf7 32. Re7+ Kg6 33. Qe8+ Kh6 34.
Qh5# 1-0

[Event "Challenge"]
[Site "http://www.queenalice.com/game.php?id=1773773"]
[Date "2021.11.2"]
[Round "-"]
[White "mikew"]
[Black "Fafner"]
[Result "0-1"]
[WhiteElo "1571"]
[BlackElo "1869"]

1. e4 e5 2. Nf3 Nc6 3. Bc4 Bc5 4. c3 Nf6 5. d4 exd4 6. cxd4 Bb4+ 7. Bd2 Bxd2+ 8.
Nbxd2 d5 9. exd5 Nxd5 10. O-O O-O 11. Bb5 Bd7 12. Re1 a6 13. Bc4 Be6 14. Ne4 Re8
15. Nc5 b5 16. Bb3 Qd6 17. Rc1 Na5 18. Ng5 Nxb3 19. Qxb3 Nf4 20. Qc2 g6 21. Qd2
Nh5 22. Ncxe6 fxe6 23. Ne4 Qe7 24. Qa5 Rec8 25. Rc6 Qd7 26. Rxa6 Rxa6 27. Qxa6
Rf8 28. Rd1 Qd5 29. Nc3 Qf5 30. Rf1 Nf4 31. Qxb5 Qg4 32. g3 Nh3+ 33. Kg2 Nf4+
34. Kg1 Nh3+ 35. Kg2 Ng5 36. Qd3 Qh3+ 37. Kg1 Nf3+ 38. Qxf3 Rxf3 39. a4 Qf5 40.
Nb5 c6 41. Nd6 Qc2 42. a5 Qxb2 43. a6 Qxd4 44. Nc8 Ra3 45. Ne7+ Kg7 46. Nxc6 Qb6
47. Rc1 Qc7 48. a7 Rxa7 49. Re1 Qxc6 0-1

[Event "Challenge"]
[Site "http://www.queenalice.com/game.php?id=1781070"]
[Date "2022.1.22"]
[Round "-"]
[White "mikew"]
[Black "Fafner"]
[Result "0-1"]
[WhiteElo "1563"]
[BlackElo "1877"]

1. e4 c5 2. c3 Nc6 3. d4 d6 4. d5 Ne5 5. f4 Ng6 6. c4 e6 7. dxe6 fxe6 8. Nc3
N8e7 9. Nf3 Nc6 10. Bd3 Qf6 11. Ne2 Be7 12. O-O Bd7 13. Be3 O-O-O 14. Qd2 h6 15.
Rab1 e5 16. f5 Nf8 17. Nc3 g6 18. Nd5 Qg7 19. Nxe7+ Nxe7 20. Qa5 Nc6 21. Qa3
gxf5 22. exf5 Nh7 23. Nh4 a6 24. Ng6 Rhg8 25. f6 Qf7 26. b3 h5 27. Be4 Nxf6 28.
Bd5 Qxg6 29. Qb2 Nxd5 30. cxd5 Ne7 31. b4 Nxd5 32. bxc5 Bc6 33. g3 Nxe3 34. Rf2
Qe4 35. Rf7 Qh1+ 36. Kf2 Nd1+ 0-1

[Event "Challenge"]
[Site "http://www.queenalice.com/game.php?id=1781073"]
[Date "2022.1.22"]
[Round "-"]
[White "Fafner"]
[Black "mikew"]
[Result "1-0"]
[WhiteElo "1873"]
[BlackElo "1567"]

1. e4 c5 2. Nf3 f6 3. d4 Nc6 4. Bc4 cxd4 5. Nxd4 Nxd4 6. Qxd4 e6 7. Nc3 Bb4 8.
Bd2 Qb6 9. Qxb6 axb6 10. O-O Ne7 11. a3 Bxc3 12. Bxc3 e5 13. Rad1 Ra4 14. Bd3
Kf7 15. Bb4 Ra8 16. Bc4+ Kg6 17. Bxe7 h5 18. Rd3 Ra4 19. Bb4 h4 20. Bb5 Ra8 21.
Bxd7 Bxd7 22. Rxd7 Rac8 23. Bc3 h3 24. g3 Rc4 25. f3 b5 26. Rxb7 Rd8 27. Rxb5 f5
28. exf5+ Kxf5 29. Rxe5+ Kf6 30. Rc5+ Rcd4 31. Rd1 1-0

[Event "Challenge"]
[Site "http://www.queenalice.com/game.php?id=1785009"]
[Date "2022.3.16"]
[Round "-"]
[White "Fafner"]
[Black "mikew"]
[Result "1-0"]
[WhiteElo "1880"]
[BlackElo "1560"]

1. c4 e5 2. Nc3 Nf6 3. d3 d6 4. g3 g6 5. Bg2 Bg7 6. Nf3 c6 7. Bg5 Qb6 8. Qd2 Bf5
9. O-O h6 10. Bxf6 Bxf6 11. Rad1 Nd7 12. b3 Bg5 13. Nxg5 hxg5 14. Qxg5 Qb4 15.
Qd2 Nc5 16. d4 exd4 17. Qxd4 Rd8 18. Qxh8+ Ke7 19. Qh4+ Kd7 20. Rxd6+ Kxd6 21.
Qxd8+ Nd7 22. Rd1+ Kc5 23. Qe7+ 1-0

[Event "Challenge"]
[Site "http://www.queenalice.com/game.php?id=1785011"]
[Date "2022.3.16"]
[Round "-"]
[White "mikew"]
[Black "Fafner"]
[Result "0-1"]
[WhiteElo "1557"]
[BlackElo "1883"]

1. c4 Nf6 2. Nc3 e6 3. d4 d5 4. cxd5 exd5 5. Bf4 Bd6 6. e3 O-O 7. Nge2 Re8 8.
Bxd6 Qxd6 9. g3 Bg4 10. h3 Bf3 11. Rg1 a6 12. Qb3 Nbd7 13. Bg2 Bxg2 14. Rxg2 b6
15. g4 h6 16. f3 Rxe3 17. Kd2 Rae8 18. g5 Nh5 19. Qc2 Nf4 20. Rf2 Nxe2 21. Nxe2
hxg5 22. Rg1 Rxe2+ 23. Rxe2 Rxe2+ 24. Kxe2 Qh2+ 25. Kd3 Qxg1 26. Kc3 Qe3+ 27.
Kb4 Qxd4+ 28. Ka3 Qc5+ 0-1

[Event "Challenge"]
[Site "http://www.queenalice.com/game.php?id=1789351"]
[Date "2022.5.22"]
[Round "-"]
[White "Fafner"]
[Black "mikew"]
[Result "1-0"]
[WhiteElo "1889"]
[BlackElo "1580"]

1. Nc3 c6 2. e4 e5 3. Bc4 Qg5 4. Qf3 Qg6 5. d3 Bc5 6. Nge2 d6 7. h3 Nf6 8. Bd2
Be6 9. O-O-O O-O 10. Ng3 Nbd7 11. a3 b5 12. Ba2 b4 13. axb4 Bxb4 14. Bxe6 fxe6
15. Rdf1 d5 16. exd5 exd5 17. Qf5 Qxf5 18. Nxf5 a5 19. Na4 e4 20. d4 Ne8 21. Ng3
Rb8 22. b3 Nc7 23. Ne2 Ba3+ 24. Kb1 Bb4 25. Bf4 Rbc8 26. f3 Nf6 27. Nb6 Nb5 28.
Nxc8 Rxc8 29. Be5 Nd7 30. fxe4 dxe4 31. Rf5 g6 32. Rf4 c5 33. c4 Nxd4 34. Bxd4
cxd4 35. Rxe4 d3 36. Nd4 Nf6 37. Re3 d2 38. Rd1 h6 39. Nf3 Bc5 40. Re2 Rd8 41.
Rexd2 Re8 42. Rd8 Rxd8 43. Rxd8+ Kg7 44. Ne5 Be7 45. Ra8 Ne4 46. Nc6 Bc5 47.
Rxa5 Bb6 48. Re5 Nd2+ 49. Kc2 1-0

[Event "Challenge"]
[Site "http://www.queenalice.com/game.php?id=1789352"]
[Date "2022.5.22"]
[Round "-"]
[White "mikew"]
[Black "Fafner"]
[Result "0-1"]
[WhiteElo "1571"]
[BlackElo "1886"]

1. d4 Nf6 2. f3 d5 3. c3 e6 4. Qc2 Be7 5. Bg5 O-O 6. Bxf6 Bxf6 7. e3 Nc6 8. Bd3
g6 9. f4 Ne7 10. Nf3 Nf5 11. Qe2 Qd6 12. Ng5 h6 13. Nf3 Bd7 14. O-O c5 15. Nbd2
c4 16. Bc2 Ne7 17. g4 g5 18. a4 Qb6 19. b4 cxb3 20. Nxb3 Ng6 21. Nc5 Qc7 22.
Nxd7 Qxd7 23. fxg5 hxg5 24. Ne5 Bxe5 25. dxe5 Nxe5 26. Rfb1 b6 27. a5 Qc6 28. e4
Qxc3 29. exd5 Qc5+ 30. Kf1 Qxd5 31. Be4 Qc5 32. axb6 Rab8 33. Rb5 Qc3 34. bxa7
Qxa1+ 35. Qe1 Qxe1+ 0-1

[Event "Let's Play 561"]
[Site "http://www.queenalice.com/game.php?id=1790617"]
[Date "2022.6.17"]
[Round "-"]
[White "digger"]
[Black "mikew"]
[Result "0-1"]
[WhiteElo "1577"]
[BlackElo "1554"]

1. Nf3 d5 2. d4 Nc6 3. c3 Bf5 4. Na3 Qd6 5. Nb5 Qd7 6. Bf4 Kd8 7. Ng5 e5 8. dxe5
h6 9. Nf3 Qe6 10. Nh4 Bh7 11. c4 Bb4+ 12. Nc3 d4 13. a3 Bxc3+ 14. bxc3 g5 15.
Nf3 gxf4 16. cxd4 Na5 17. Qc2 Bxc2 18. e4 Bxe4 19. Nd2 Bc6 20. Be2 Bxg2 21. Rg1
Bh3 22. c5 Qd5 23. Nf3 Ne7 24. Rd1 Qb3 25. Rg7 Bf5 26. d5 Nxd5 27. Rxf7 Qc3+ 28.
Kf1 Bh3+ 29. Kg1 Rg8+ 30. Kh1 Qxc5 31. Nd4 Bg2+ 32. Kg1 Bh3+ 33. Kh1 Re8 34. e6
Nc6 35. Nxc6+ Qxc6 36. Bf3 Bxe6 37. Rxf4 Qc2 38. Kg1 Ke7 39. Re4 Rg8+ 40. Kf1
Kf6 41. Rdd4 Bh3+ 42. Ke1 Rg1# 0-1

[Event "Challenge"]
[Site "http://www.queenalice.com/game.php?id=1792835"]
[Date "2022.7.20"]
[Round "-"]
[White "Renie"]
[Black "mikew"]
[Result "0-1"]
[WhiteElo "1470"]
[BlackElo "1568"]

1. c4 f5 2. Nc3 c6 3. d4 e6 4. Nf3 Bb4 5. Bd2 Nf6 6. Qc2 d6 7. g3 Qe7 8. Bg2 O-O
9. O-O Bxc3 10. Bxc3 Ne4 11. c5 dxc5 12. Rad1 c4 13. Ne5 Nxc3 14. Qxc3 b6 15.
Bxc6 Nxc6 16. Nxc6 Qe8 17. Ne5 Bb7 18. Nxc4 Rc8 19. b3 Rxc4 20. Qxc4 Bd5 21. Qc7
Qa8 22. Rfe1 f4 23. g4 Qe8 24. Qxa7 Qg6 25. f3 b5 26. Rc1 h5 27. h3 hxg4 28.
fxg4 Qh6 29. Kh2 f3 30. e3 Qh4 31. e4 f2 32. Rf1 Bxe4 33. Rc7 Qf6 34. Kg3 Qf4+
35. Kh4 Qh6+ 36. Kg3 Rf3+ 37. Kh2 Qxh3# 0-1